1849 1186 1883 1536 1219 1324 1131 1808 1143 1070 1341 1536 1395 1334 1939 1000 1468 1967 1211 1682 1964 1790 1973 1753 1162 1640 1460 1936 1401 1858 1282 1127 1044 1101 1596 1686 1789 1654 1072 1878 1229 1737 1693 1546 1944 1434 1262 1977 1655 1563 1861 1810 1724 1411 1870 1030 1807 1789 1440 1594 1738 1610 1590 1307 1665 1495 1118 1175 1768 1639 1876 1736 1436 1181 1859 1260 1805 1597 1456 1640 1775 1647 1439 1736 1408 1845 1043 1966 1104 1356 1923 1560 1486 1121 1061 1063 1896 1729 1532 BCNSPRNW ULIB Ver.6.0+V

เปลี่ยนเป็นภาษาไทย

Change to English
 แสดงรายละเอียดบรรณานุกรม
  กลับหน้าหลัก

Brief Record : Get Marc (ISO 2709) : E-mail record : QR code < ปิดหน้าต่าง
LEADER : 00000nam a2200000Ia 4500
001    13399113703
003     ULIB
008    110504s2554 th a 000 0 tha d
020    ^a9789740327363
050  4 ^aPL4167^bจ118ก
100 0  ^aจงจิต (กล้วยไม้) นิมมานนรเทพ
245 10 ^aกาพย์ช่วยจำคำที่มักใช้ผิด /^cจงจิต (กล้วยไม้) นิมมานนรเทพ
246 30 ^aคำที่มักใช้ผิด
250    ^aพิมพ์ครั้งที่ 2
260    ^aกรุงเทพฯ :^bสำนักพิมพ์แห่งจุฬาลงกรณ์มหาวิทยาลัย,^c2554
300    ^a99 หน้า :^bภาพประกอบ ;^c22 ซม.
650  4 ^aภาษาไทย^xการใช้ภาษา
650  4 ^aภาษาไทย^xตัวสะกด
650  4 ^aภาษาไทย^xคำศัพท์
945    ^p75^l0^i030833
945    ^p75^l0^i030834
995    ^aเกษร
999 ^a ใช้งานได้ทุกระบบ
รายการนี้ยังไม่มีแท็ก
คุณยังไม่ได้ล็อกอิน คุณสามารถมีกิจกรรมร่วมกับเว็บไซต์ได้ แต่ต้องล็อกอินก่อน ::
  ล็อกอิน

รายการสื่อสารสนเทศ

ลำดับที่ ประเภท เลขเรียก/บาร์โค้ด สถานที่ สถานะ
- ไม่พบข้อมูล -

รายการใกล้เคียง
    ผู้แต่ง [จงจิต (กล้วยไม้) นิมมานนรเทพ]

BibComment


ยังไม่เคยถูกคอมเมนท์

คอมเมนท์ทรัพยากรรายการนี้
  คอมเมนท์: กาพย์ช่วยจำคำที่..


 Copyright 2026. Bcnsprnw @Library